10 Weird Examples of the Mandela Effect - Statistics

General Stats
  • This quiz has been taken 325 times
  • The average score is 8 of 10
Answer Stats
Question Truth % Correct
5. Does the shoe brand Sketchers actually have a 'T' in their name? No
96%
2. Is the word Stuf in 'Double Stuf Oreos' spelled that way on the packet? Yes
92%
3. Curious George never had what part of standard Monkey anatomy? A Tail
90%
8. Does the air freshener Febreeze actually have a double e in it? No
89%
7. People (falsely) believed that Pikachu had what colour at the end of his tail? Black
88%
4. Was Shaquille O'Neal a genie in the film Kazaam or was Sinbad a genie in the film Shazaam? (type Shaq for Shaquille or Sinbad for Sinbad) Shaquille O'Neal
86%
9. What series of cartoons contains characters like Bugs Bunny, Foghorn Leghorn and Yosemite Sam? Looney Tunes
73%
1. What does Darth Vader say to Luke Skywalker, revealing himself as Luke's father? (needs full sentence) "No, I am your father."
68%
10. What does the Evil Queen say to the mirror before asking "...who is fairest of them all?"? Magic mirror on the wall.
48%
6. The phrase 'Only you can prevent wildfires.' is attributed to what fictional bear? (full name required) Smokey Bear
36%
No matching quizzes found
Score Distribution
Percent of People with Each Score
Percentile by Number Answered
Your Score History
You have not taken this quiz